<?xml version="1.0" encoding="UTF-8"?>
<record
    xmlns:xsi="http://www.w3.org/2001/XMLSchema-instance"
    xsi:schemaLocation="http://www.loc.gov/MARC21/slim http://www.loc.gov/standards/marcxml/schema/MARC21slim.xsd"
    xmlns="http://www.loc.gov/MARC21/slim">

  <leader>01001nam a2200229Ia 4500</leader>
  <controlfield tag="003">OSt</controlfield>
  <controlfield tag="005">20250410151525.0</controlfield>
  <controlfield tag="008">191128t1999    sp     g      000 f spa d</controlfield>
  <datafield tag="020" ind1=" " ind2=" ">
    <subfield code="a">8439582676</subfield>
  </datafield>
  <datafield tag="040" ind1=" " ind2=" ">
    <subfield code="a">CO-JMCR</subfield>
    <subfield code="c">CO-JMCR</subfield>
  </datafield>
  <datafield tag="041" ind1=" " ind2=" ">
    <subfield code="a">spa</subfield>
  </datafield>
  <datafield tag="082" ind1="0" ind2="4">
    <subfield code="a">A-N</subfield>
    <subfield code="b">BENc</subfield>
  </datafield>
  <datafield tag="100" ind1="1" ind2=" ">
    <subfield code="a">Ben&#xED;tez, J. J., </subfield>
    <subfield code="d">1946</subfield>
    <subfield code="e">autor</subfield>
    <subfield code="9">9914</subfield>
  </datafield>
  <datafield tag="245" ind1="1" ind2="0">
    <subfield code="a">Caballo de troya : </subfield>
    <subfield code="b">Masada / </subfield>
    <subfield code="c">J. J. Ben&#xED;tez</subfield>
  </datafield>
  <datafield tag="260" ind1=" " ind2=" ">
    <subfield code="b">Planeta deagostini : </subfield>
    <subfield code="a">Madrid, </subfield>
    <subfield code="c">1999</subfield>
  </datafield>
  <datafield tag="300" ind1=" " ind2=" ">
    <subfield code="a">555 p&#xE1;ginas ; </subfield>
    <subfield code="c">23 cm.</subfield>
  </datafield>
  <datafield tag="490" ind1="0" ind2=" ">
    <subfield code="a">Biblioteca J.J. Ben&#xED;tez</subfield>
  </datafield>
  <datafield tag="505" ind1=" " ind2=" ">
    <subfield code="a">El diario (segunda parte) -- 9 de abril, domingo (a&#xF1;o 30) -- 10 de abril, lunes -- 11 de abril, martes, al 14, viernes -- 16 de abril, domingo</subfield>
  </datafield>
  <datafield tag="520" ind1=" " ind2=" ">
    <subfield code="a">"Una documentaci&#xF3;n que pone al descubierto multitud de datos nuevos sobre la figura y la obra de Jes&#xFA;s de Nazaret. Podemos asegurar que -tal y como sospecha buena parte de la humanidad- las grandes potencias ocultan muchos de sus proyectos espaciales"</subfield>
  </datafield>
  <datafield tag="650" ind1="1" ind2="4">
    <subfield code="a">Novela espa&#xF1;ola</subfield>
    <subfield code="9">9916</subfield>
  </datafield>
  <datafield tag="942" ind1=" " ind2=" ">
    <subfield code="2">ddc</subfield>
    <subfield code="c">BK</subfield>
  </datafield>
  <datafield tag="999" ind1=" " ind2=" ">
    <subfield code="c">3235</subfield>
    <subfield code="d">3235</subfield>
  </datafield>
  <datafield tag="952" ind1=" " ind2=" ">
    <subfield code="0">0</subfield>
    <subfield code="1">0</subfield>
    <subfield code="2">ddc</subfield>
    <subfield code="4">0</subfield>
    <subfield code="7">0</subfield>
    <subfield code="8">FIC</subfield>
    <subfield code="a">CPL</subfield>
    <subfield code="b">CPL</subfield>
    <subfield code="d">2019-11-28</subfield>
    <subfield code="e">Donaci&#xF3;n</subfield>
    <subfield code="l">3</subfield>
    <subfield code="m">2</subfield>
    <subfield code="o">A-N BENc </subfield>
    <subfield code="p">201506966</subfield>
    <subfield code="r">2025-05-28 07:33:49</subfield>
    <subfield code="s">2025-05-27</subfield>
    <subfield code="t">V.2 Ej.1</subfield>
    <subfield code="y">BK</subfield>
  </datafield>
</record>
